1980 1866 1653 1111 1714 1650 1885 1372 1533 1198 1830 1598 1093 1512 1606 1396 1256 1477 1068 1309 1389 1771 1741 1468 1632 1287 1898 1545 1118 1747 1044 1308 1404 1211 1373 1255 1480 1037 1170 1495 1172 1263 1668 1061 1865 1510 1951 1210 1604 1828 1943 1740 1109 1643 1283 1081 1922 1525 1152 1374 1394 1927 1703 1700 1560 1283 1611 1924 1801 2000 1706 1539 1425 1215 1650 1595 1474 1389 1660 1483 1616 1721 1789 1947 1212 1673 1027 1545 1275 1029 1350 1970 1146 1001 1447 1024 1251 1289 1390 BCNSPRNW ULIB Ver.6.0+V

เปลี่ยนเป็นภาษาไทย

Change to English
 แสดงรายละเอียดบรรณานุกรม
  กลับหน้าหลัก

Brief Record : Get Marc (ISO 2709) : E-mail record : QR code < ปิดหน้าต่าง
LEADER : 00000nam 2200000uu 4500
001    13399112497
003     ULIB
008    110627s2552||||th 000 0 tha d
020    9786110600248
090    นว.^bม756L 2552
100 0  เมย์ 112
245 00 Lovey brother แผนรักร้ายของ(พี่)ชายจอมเจ้าเล่ห์/^cเมย์ 112
250    พิมพ์ครั้งที่ 1
260    กรุงเทพฯ :^bแจ่มใส,^c2552
300    195 หน้า
710 1  แจ่มใส
945    ^p149^l0^i026131
995    ทศพร
999 ^a ใช้งานได้ทุกระบบ
รายการนี้ยังไม่มีแท็ก
คุณยังไม่ได้ล็อกอิน คุณสามารถมีกิจกรรมร่วมกับเว็บไซต์ได้ แต่ต้องล็อกอินก่อน ::
  ล็อกอิน

รายการสื่อสารสนเทศ

ลำดับที่ ประเภท เลขเรียก/บาร์โค้ด สถานที่ สถานะ
- ไม่พบข้อมูล -

รายการใกล้เคียง
    ผู้แต่ง [เมย์ 112]

BibComment


ยังไม่เคยถูกคอมเมนท์

คอมเมนท์ทรัพยากรรายการนี้
  คอมเมนท์: Lovey brother แผน..


 Copyright 2026. Bcnsprnw @Library